06428nam a2200373 i 4500001001000000003000900010005001700019007000300036008004100039020001800080020001500098040003000113082002000143100005500163245011000218264003600328300002800364336002700392337003300419338002800452365001200480500006500492500007400557505171300631505168002344505175104024650003505775650006905810650002305879650002505902651003705927651005005964700004006014000001586DO-SdBNP20250621074003.0ta090623s2007 dr 000 0 spa d a9789993467366 a9993467367 aDO-SdBNPbspacBNPHUerda 4a923.8bJ61m2221 aJiménez Maxwell, Joaquín,d1935 -eautor4aut.10aMemorias del fracaso de un triunfador /cJoaquín Jiménez Maxwell ; diseño de portada, Julian Amado. 1aSanto Domingo :bBúho,c2007. a342 páginas ;c23 cm. atextobtxt2rdacontent asin mediaciónbn2rdamedia avolumenbnc2rdacarrier b$450.00 aIncluye biografía del autor en la solapa de las cubiertas. aIncluye referencias bibliográficas y notas al pie de las páginas.0 aCapítulo-- Proyecto y fuentes de financiamientos -- Capítulo-- Primera transmisión experimental -- Capítulo-- Programación musical -- Capítulo-- Selección del personal -- Capítulo-- Estrategia mercadológica -- Capítulo-- Sagrado compromiso con mi socio -- Capítulo-- Incursión en el negocio disquero -- Capítulo-- Creación del moderno periodismo radial -- Capítulo-- Adversidades y soluciones técnicas -- Capítulo-- Conspiración contra Juan Bosch -- Capítulo-- Perfiles psicopáticos de los golpistas -- Capítulo-- Mítines de agitación política -- Capítulo-- Estampida de la corrupción política, militar, religiosa, policial y empresarial -- Capítulo-- Conspiración competitiva -- Capítulo-- Obsesión de Donald Ried Cabral contra Radio Mil -- Capítulo-- Explosión del polvorín en el campamento militar 27 de Febrero -- Capítulo-- Compra del restaurant-Terraza-cafetería El Napolitano -- Capítulo 18. Revolución de abril -- Capítulo-- Embajada norteamericana solicita mis servicios profecionales -- Capítulo Operación limpieza -- Capítulo-- El mito del comunismo -- Capítulo-- Gringos allanan mi hogar -- Capítulo-- Mi apresamiento en San Cristóbal -- Capítulo-- Encierro en La Victoria -- Capítulo-- Llegada a Nueva York y consecuencias -- Capítulo-- Retorno a mi país -- Capítulo-- Reinicio de Radio Mil Informativo -- Capítulo-- Voladura de Radio Mil -- Capítulo-- Retorno al país del Dr. Balaguer -- Capítulo 30. Elecciones libres -- Capítulo-- Restricciones a la prensa -- Capítulo-- Prensa seria -- Capítulo-- El gobierno del Este -- Capítulo-- Cooperación de Radio Mil al régimen ...0 a... -- Capítulo-- Mi viaje a Washington -- Capítulo-- Balaguer dona frecuencias estatales -- Capítulo-- Invasión del gangsterismo cubano -- Capítulo-- Explosión represiva de Balaguer y la CIA -- Capítulo-- Creación del piano bar El Napolitano -- Capítulo-- Continuación de la represión policial -- Capítulo-- Secuestro del coronel Crowley -- Capítulo-- Muerte de García-Godoy -- Capítulo-- Frustrado golpe de estado de Wessin -- Capítulo-- Síndrome del comunismo -- Capítulo-- Nuestro apoyo a Balaguer -- Capítulo -- La banda juvenil y su sangrienta historia -- Capítulo-- Don Rafael Herrera, mi ángel de la guarda -- Capítulo-- Le aplican a la banda el código del silencio -- Capítulo-- Nuestro apoyo al régimen balaguerista -- Capítulo-- Asesinato de Sagrario Díaz -- Capítulo-- Retorno del Coronel Caamaño al país -- Capítulo-- Asesinato de Gollito -- Capítulo-- Reunión en RD de la Asociación Interamericana de Radiodifusión -- Capítulo-- Construcción del Hotel Napolitano -- Capítulo-- Imitación autorizada de Radio Mil Informando en Brazil -- Capítulo-- La CIA abandona a Balaguer y se concentra en Chile -- Capítulo-- Los tentáculos de la "Operación Cóndor" -- Capítulo-- Oligarquía norteamericana, la más criminal del mundo -- Capítulo-- Globalización de la censura periodística -- Capítulo-- Reelección de Balaguer, con votos o con botas -- Capítulo-- Espectáculo artístico ·7 días con el pueblo· -- Capítulo-- Asesinato de Orlando Martínez y otros -- Capítulo-- Cártel de ADORA -- Capítulo 64. Nueva programación de RTVD y consecuencias...0 a... -- Capítulo-- Mi elección como presidente de ADOMEDIOS -- Capítulo-- Primer aviso de la mala administración de mi socio fundador -- Capítulo-- Cambio de política exterior norteamericana -- Capítulo-- Acoso militar y policial contra Antonio Guzmán -- Capítulo-- Mi asilo domiciliario -- Capítulo-- Triunfo de Antonio Guzmán e intento de golpe -- Capítulo-- Borrón y cuenta nueva -- Capítulo-- Jimmy Carter apoya gobierno constitucional -- Capítulo-- Visita al país de Juan Pablo II -- Capítulo-- Mi socio propone la creación de un banco comercial -- Capítulo-- Llegada del huracán David -- Capítulo-- Suicidio del Presidente Guzmán -- Capítulo-- Primer engaño de mi socio -- Capítulo-- Llegada de Roland Murmann al país -- Capítulo-- El desastroso gobierno jorgeblanquista -- Capítulo 80. Invitaciones y ofertas de suizo -- Capítulo-- Sin consultarme, mi socio le vendió a Murmann -- Capítulo-- Provocaciones de mi socio -- Capítulo-- Salvador Jorge Blanco intenta sobornarme -- Capítulo-- El fondo monetario y la matanza de abril -- Capítulo-- Las represalias de la presidencia -- Capítulo-- Celebración de la única asamblea legal de accionistas de Radio Mil -- Capítulo-- Otro traidor difamador -- Capítulo 88. Explotación de los beneficios plutocráticos -- Capítulo-- Acosos, amenazas e intentos de agresiones físicas -- Capítulo-- Procesos judiciales fallados por el gobierno -- Capítulo-- Amigos solidarios -- Capítulo-- Visita a Jacobo Majluta -- Capítulo-- Propuesta de la compra compulsiva de mis acciones -- Capítulo-- Firma compulsiva del contrato de compra-venta -- Capítulo-- Consecuencias y conclusiones -- Capítulo-- Reflexiones. 4aRadiodifusión periodística 4aEstaciones de radioaficionadoszRepública DominicanaxHistoria 4aLocutores de radio 4aLocución por radio 4aRepública DominicanaxHistoria 0aRepública DominicanaxPolítica y gobierno1 aAmado, Julian,ediseño de portada